000 00729nam a2200253Ia 4500
003 GCL
008 140319s9999 xx 000 0 ara d
040 _aGCL /
_cGCL
082 0 4 _a330.9624
_bس ا
100 1 _aسعد ماهر حمزة
245 1 0 _aاقتصاديات السودان /
_cسعد ماهر حمزة
300 _a97 ص
490 _aالاهرام الاقتصادى
_v0
650 0 4 _aالاقتصاد
650 0 4 _aالتخطيط الاقتصادى
650 0 4 _aالزراعة
650 0 4 _aالاحوال الاقتصادية
650 0 4 _aالسكان
650 0 4 _aالصناعة
650 0 4 _aالنقل
650 0 4 _aالثروة
650 0 4 _aالسودان - تاريخ
942 _2ddc
_cBK
999 _c46862
_d46862